Espèces de pinsons - Statistiques

Statistiques générales
  • Ce quiz a été pris 5 fois
  • Le résultat moyen est 3 sur 8
Statistiques - réponses
Par images Réponse % Correct
pinson bleu
100%
pinson des arbres
75%
pinson du nord
75%
pinson des Canaries
50%
pinson des Açores
25%
pinson d'Afrique
0%
pinson de Grande Canarie
0%
pinson de Madère
0%
Aucun quiz correspondant
Distribution des résultats
% des personnes avec chaque résultat
Percentile par nombre de réponses
Votre historique - résultats
Vous n’avez pas pris ce quiz